| 000 | 00460nam a2200169Ia 4500 | ||
|---|---|---|---|
| 003 | LK-CoDNM | ||
| 008 | 010623t1991 xxu||||| |||| 00| 1 sin d | ||
| 040 |
_aLK-CoDNM _dLK-CoDNM _eLK-CoDNM |
||
| 041 | _asin | ||
| 080 | _a294.3 AMA | ||
| 100 | _aAmarawansa Thero,Dimiyawe. | ||
| 245 | _aතථාගත දේශනා | ||
| 246 | _aThathagatha Deeshana | ||
| 260 |
_bSirivajirawansa Gunanusmarana Sangamaya _c1991 |
||
| 300 | _b128p., 18 cm | ||
| 942 | _cBK | ||
| 999 |
_c115167 _d115167 |
||